Seventh five year plan 1985-90 : perspective, o0bjestives, strategy, macro-dimensions and resources (Record no. 496710)

000 -LEADER
fixed length control field 00397cam a22001097a 4500
008 - FIXED-LENGTH DATA ELEMENTS--GENERAL INFORMATION
fixed length control field 180718b1985 xxu||||| |||| 00| 0 eng d
082 ## - DEWEY DECIMAL CLASSIFICATION NUMBER
Classification number T000x54 1985-90
245 ## - TITLE STATEMENT
Title Seventh five year plan 1985-90 : perspective, o0bjestives, strategy, macro-dimensions and resources
Statement of responsibility, etc. by Planning Commission
260 ## - PUBLICATION, DISTRIBUTION, ETC.
Place of publication, distribution, etc. New Delhi
Name of publisher, distributor, etc. Government Of India
Date of publication, distribution, etc. 1985
300 ## - PHYSICAL DESCRIPTION
Extent v.p.
700 ## - ADDED ENTRY--PERSONAL NAME
Personal name India.Planning Commission
Holdings
Withdrawn status Lost status Damaged status Not for loan Permanent Location Current Location Date acquired Full call number Barcode Date last seen Price effective from Koha item type
        Indian Institute of Public Administration Indian Institute of Public Administration 2018-08-04 T000x54 1985-90 GG20413 2018-08-04 2018-08-04 GG

Powered by Koha